000 00930cam a2200229 4500
001 WB3712-04
008 000000n2001 000 0 eng u
035 _a(Sirsi) u111535
245 _aRoom at the inn
260 _c2001
490 _aEstates Gazette
_v(0111) 17 March 2001, 170(1)
520 _aDiscusses the difficulties encountered by the court in assessing damages for breach of restrictive covenant, which should be based on the 'price' that would have been negotiated for the release of the covenant with a valuation date prior to the commencement of the building works that constitute the breach.
590 _aWB
650 _aAMEC DEVELOPMENTS LTD V JURY'S HOTEL MANAGEMENT (UK) LTD
650 _aASSESSMENT OF DAMAGES
650 _aBREACH OF CONVENANT
650 _aDAMAGES
650 _aRESTRICTIVE COVENANTS
650 _aVALUATION DATES
690 _aBUILDING AND CONSTRUCTION-CASE LAW
942 _n0
999 _c66470
_d66470